Central Library, Doon University
WEBOPAC (ONLINE PUBLIC ACCESS CATALOGUE)

Principles and Techniques Combinatorics (Record no. 60772)

MARC details
000 -LEADER
fixed length control field 00519nam a22001937a 4500
005 - DATE & TIME
control field 20260513111858.0
008 - FIXED-LENGTH DATA ELEMENTS--GENERAL INFORMATION
fixed length control field 260513b |||||||| |||| 00| 0 eng d
020 ## - ISBN
International Standard Book Number 9789813238848
Price 795.00
040 ## - CATALOGING SOURCE
Original cataloging agency Doon University
041 ## - Language
Language English
082 ## - DDC NUMBER
Classification number 511.6
Book Number PEW
100 ## - MAIN ENTRY--PERSONAL NAME
Personal name Pew, Foo Kean
245 ## - TITLE STATEMENT
Title Principles and Techniques Combinatorics
260 ## - PUBLICATION, DISTRIBUTION, ETC. (IMPRINT)
Place of publication, distribution, etc New Jersey
Name of publisher, distributor, etc World Scientific
Date of publication, distribution, etc 2019
300 ## - PHYSICAL DESCRIPTION
Pages 428
650 ## - Subject
Subject Mathematics (PM USHA)
700 ## - Added Entry Personal Name
Added Entry Personal Name Simon, Lin Mingyan
942 ## - ADDED ENTRY ELEMENTS (KOHA)
Koha item type Books
100 ## - MAIN ENTRY--PERSONAL NAME
-- 26797
650 ## - Subject
-- 26738
700 ## - Added Entry Personal Name
-- 26798
952 ## - LOCATION AND ITEM INFORMATION (KOHA)
-- 2026-05-13
952 ## - LOCATION AND ITEM INFORMATION (KOHA)
-- 2026-05-13
952 ## - LOCATION AND ITEM INFORMATION (KOHA)
-- 2026-05-13
Holdings
Withdrawn status Lost status Source of classification or shelving scheme Damaged status Not for loan Location (home branch) Sublocation or collection (holding branch) Date acquired Koha full call number Accession No. Koha date last seen Koha item type Koha issues (times borrowed)
        Not For Loan Doon University Doon University 13.05.2026 511.6 PEW 33004 13.05.2026 Reference  
          Doon University Doon University 13.05.2026 511.6 PEW 33005 13.05.2026 Books  
          Doon University Doon University 13.05.2026 511.6 PEW 33006 13.05.2026 Books  
Contact : +91-135-2533126 (Library),+91-135-2533105 (Admin Office) , Email : doonlibrary@gmail.com

Powered by Koha